[Event "Elit(Manhem-Eksjo)"]
[Site "?"]
[Date "2007.03.03"]
[Round "8"]
[White "Thornert, Hakan"]
[Black "Kinnmark, Ove"]
[Result "1/2-1/2"]
[WhiteElo "2242"]
[BlackElo "2264"]
[PlyCount "77"]
[EventDate "2007.??.??"]

1. e4 d5 2. exd5 Qxd5 3. Nc3 Qd6 4. d4 Nf6 5. Bc4 c6 6. Nge2 Bf5 7. O-O e6 8.
Bf4 Qd8 9. Ng3 Bg6 10. Re1 Be7 11. h4 h5 12. Nce4 Nxe4 13. Nxe4 Bxe4 14. Rxe4
Nd7 15. Be5 Nxe5 16. Rxe5 Bxh4 17. c3 Bf6 18. Rxh5 Rxh5 19. Qxh5 g6 20. Qf3 Qe7
21. a4 a5 22. Re1 Kf8 23. g3 Kg7 24. Kg2 Rh8 25. Qe4 Qd7 26. Rh1 Rxh1 27. Kxh1
Qd6 28. Kg2 e5 29. dxe5 Bxe5 30. Qf3 Bf6 31. Qe2 Qd7 32. Qe3 b5 33. axb5 cxb5
34. Qd3 Qxd3 35. Bxd3 b4 36. cxb4 axb4 37. b3 Bc3 38. Kf3 f5 39. g4 1/2-1/2

[Event "Elit(Manhem-Eksjo)"]
[Site "?"]
[Date "2007.03.03"]
[Round "8"]
[White "Sagit, Rauan"]
[Black "Akvist, Hakan"]
[Result "1-0"]
[WhiteElo "2299"]
[BlackElo "2117"]
[PlyCount "61"]
[EventDate "2007.??.??"]

1. e4 e6 2. d4 d5 3. Nd2 Nf6 4. e5 Nfd7 5. Bd3 b6 6. Ne2 Ba6 7. Bxa6 Nxa6 8. a3
c5 9. c4 Nc7 10. Nf4 cxd4 11. cxd5 Nxe5 12. dxe6 Nxe6 13. Nxe6 fxe6 14. Qh5+
Nf7 15. Nf3 Qd5 16. Qxd5 exd5 17. O-O Bd6 18. Re1+ Kd7 19. Nxd4 Rhe8 20. Be3
Rad8 21. Rad1 Kc8 22. Nb5 Kb7 23. Nc3 Re5 24. Bd4 Rh5 25. h3 Be5 26. g4 Rg5 27.
f4 Bxf4 28. Re7+ Bc7 29. Rxf7 h5 30. Nb5 Rc8 31. Nd6+ 1-0

[Event "Elit(Manhem-Eksjo)"]
[Site "?"]
[Date "2007.03.03"]
[Round "8"]
[White "de Verdier, Michael"]
[Black "Liljedahl, Lennart"]
[Result "1/2-1/2"]
[WhiteElo "2224"]
[BlackElo "2238"]
[PlyCount "94"]
[EventDate "2007.??.??"]

1. Nf3 c5 2. c4 g6 3. g3 Bg7 4. Bg2 Nc6 5. O-O d6 6. Nc3 Bd7 7. d3 a6 8. Be3
Nd4 9. Bxd4 cxd4 10. Nd5 e6 11. Nb4 Ne7 12. Nc2 Qb6 13. Rb1 Nf5 14. Qd2 h5 15.
Qb4 Qc7 16. e4 dxe3 17. fxe3 Rb8 18. e4 Ne7 19. Qd2 b5 20. b3 O-O 21. Kh1 Bc6
22. Ncd4 Ba8 23. cxb5 axb5 24. Qb4 Qc5 25. Qxc5 dxc5 26. Ne2 Nc6 27. a3 Rfd8
28. Rfd1 Rd7 29. Nf4 Ra7 30. b4 cxb4 31. axb4 Ra4 32. d4 Rxb4 33. d5 Rxb1 34.
Rxb1 exd5 35. Nxd5 b4 36. Nd2 Bf8 37. Bf1 Ne5 38. Nc4 Ng4 39. Kg2 Bxd5 40. exd5
Rd8 41. d6 Bxd6 42. h3 Ne5 43. Nxe5 Bxe5 44. Rxb4 Rd2+ 45. Kf3 Rd6 46. Rb3 Kg7
47. Rd3 Rf6+ 1/2-1/2

[Event "Elit(Astorp-Skara)"]
[Site "?"]
[Date "2007.03.03"]
[Round "8"]
[White "Kotronias, Vasilios"]
[Black "Sjodahl, Pontus"]
[Result "1-0"]
[WhiteElo "2704"]
[BlackElo "2474"]
[PlyCount "75"]
[EventDate "2007.??.??"]
[SourceDate "2007.03.12"]

1. e4 e6 2. d4 d5 3. Nd2 c5 4. Ngf3 Nf6 5. exd5 exd5 6. Bb5+ Bd7 7. Bxd7+ Nbxd7
8. O-O Be7 9. dxc5 Nxc5 10. Nb3 Nce4 11. Nfd4 O-O 12. Nf5 Re8 13. Be3 Qc8 14.
Nxe7+ Rxe7 15. Bd4 Ne8 16. Re1 Re6 17. f3 N4d6 18. Qd3 b6 19. Bc3 Nc7 20. Be5
Qe8 21. Bg3 Rd8 22. Nd4 Rxe1+ 23. Rxe1 Qd7 24. Qa3 Ncb5 25. Nxb5 Nxb5 26. Qe7
h6 27. Qxd7 Rxd7 28. Rd1 Nc7 29. c4 Kf8 30. b3 b5 31. c5 Ne6 32. c6 Rd8 33. c7
Ra8 34. Rxd5 a6 35. h4 Ke7 36. h5 Rc8 37. Rd6 Rxc7 38. Rxe6+ 1-0

[Event "Elit(Astorp-Skara)"]
[Site "?"]
[Date "2007.03.03"]
[Round "8"]
[White "Jakobsen, Ole"]
[Black "Djurhuus, Rune"]
[Result "1/2-1/2"]
[WhiteElo "2380"]
[BlackElo "2573"]
[PlyCount "104"]
[EventDate "2007.??.??"]

1. d4 Nf6 2. c4 g6 3. Nc3 Bg7 4. e4 d6 5. f3 O-O 6. Nge2 c6 7. Bg5 e5 8. Qd2
Nbd7 9. d5 cxd5 10. Nxd5 h6 11. Nxf6+ Nxf6 12. Be3 Be6 13. Nc3 Rc8 14. Nd5 Bxd5
15. cxd5 Nd7 16. Bd3 Nc5 17. Bc2 a5 18. O-O h5 19. a3 a4 20. Bxc5 Rxc5 21. Bxa4
Kh7 22. Kh1 Bh6 23. Qe2 Qb6 24. Bd7 Qb3 25. Rab1 Rd8 26. Bh3 Rc2 27. Qe1 Ra8
28. Qh4 Rc7 29. Qf6 Qb6 30. b4 Rxa3 31. Qd8 Rac3 32. Ra1 Qe3 33. Qe8 Qe2 34.
Bd7 Kg7 35. Bb5 Rc8 36. Qxe5+ dxe5 37. Bxe2 Rc2 38. Bd3 Rd2 39. Rfd1 Rxd1+ 40.
Rxd1 Kf8 41. d6 Rc1 42. Rxc1 Bxc1 43. b5 h4 44. Bc4 f6 45. g3 hxg3 46. hxg3 g5
47. Be6 Ba3 48. d7 Ke7 49. Kg2 b6 50. Kh3 Bd6 51. Kg4 Bc7 52. Kf5 Bd8 1/2-1/2

[Event "Elit(Astorp-Skara)"]
[Site "?"]
[Date "2007.03.03"]
[Round "8"]
[White "Hoi, Carsten"]
[Black "Mohammadi, Amir"]
[Result "1-0"]
[WhiteElo "2413"]
[BlackElo "2281"]
[PlyCount "45"]
[EventDate "2007.??.??"]

1. d4 f5 2. Bg5 h6 3. Bh4 c5 4. e4 Qb6 5. exf5 Qxb2 6. Nd2 Qxd4 7. Ngf3 Qg4 8.
Bd3 d5 9. h3 Qa4 10. O-O Nc6 11. Qe2 c4 12. Bxc4 g5 13. fxg6 dxc4 14. Nxc4 Bg7
15. Rae1 Qb4 16. Rb1 Qc5 17. Rb5 Nd4 18. Nxd4 Qxd4 19. Rd1 Qxh4 20. Nd6+ Kf8
21. Nxc8 Bd4 22. Rf5+ Kg7 23. Qe6 1-0

[Event "Elit(Astorp-Skara)"]
[Site "?"]
[Date "2007.03.03"]
[Round "8"]
[White "Andersson, Goran"]
[Black "Fagerstrom, Bjorn"]
[Result "1/2-1/2"]
[WhiteElo "2206"]
[BlackElo "2238"]
[PlyCount "110"]
[EventDate "2007.??.??"]

1. e4 e6 2. d4 d5 3. Nc3 Nf6 4. e5 Nfd7 5. f4 c5 6. Nf3 Nc6 7. Be3 a6 8. Qd2 b5
9. dxc5 Bxc5 10. O-O-O Qb6 11. Bxc5 Nxc5 12. Bd3 b4 13. Ne2 a5 14. Kb1 O-O 15.
Ng3 f5 16. exf6 Rxf6 17. h3 Ba6 18. Nh5 Rff8 19. Bxh7+ Kxh7 20. Ng5+ Kg8 21.
Qf2 Ne7 22. Rhe1 Qd6 23. Nxg7 Kxg7 24. Qxc5 Qxc5 25. Nxe6+ Kf7 26. Nxc5 Rfc8
27. Ne6 Rc6 28. Ng5+ Kf6 29. Nh7+ Kf7 30. f5 Nxf5 31. Rxd5 Bc8 32. g4 Kg6 33.
Nf8+ Kf7 34. Nd7 Ne7 35. Ne5+ Kg7 36. Rd8 Re6 37. Re8 Bb7 38. Rxa8 Bxa8 39. Nd3
Rxe1+ 40. Nxe1 Kh6 41. a3 bxa3 42. b3 Kg5 43. Ka2 Kh4 44. Kxa3 Kxh3 45. Ka4
Kxg4 46. Kxa5 Kf4 47. Nd3+ Ke3 48. Nb4 Kd4 49. c4 Kc5 50. Na6+ Kd4 51. c5 Bb7
52. b4 Kc4 53. b5 Bxa6 54. bxa6 Kxc5 55. a7 Nc6+ 1/2-1/2

[Event "Elit(Astorp-Skara)"]
[Site "?"]
[Date "2007.03.03"]
[Round "8"]
[White "Ivarsson, Stefan"]
[Black "Cederqvist, Niclas"]
[Result "1/2-1/2"]
[WhiteElo "2303"]
[BlackElo "2134"]
[PlyCount "64"]
[EventDate "2007.??.??"]

1. g3 d5 2. Bg2 Nf6 3. Nf3 e6 4. b3 Be7 5. Bb2 b6 6. O-O Bb7 7. e3 O-O 8. Qe2
Nbd7 9. Rd1 a5 10. a4 c6 11. d4 Qc7 12. c4 Rac8 13. Nc3 Rfd8 14. Rac1 Qb8 15.
e4 dxe4 16. Nxe4 Nxe4 17. Qxe4 c5 18. Qe3 Bf6 19. Rd2 Bxf3 20. Bxf3 cxd4 21.
Bxd4 Bxd4 22. Rxd4 Nc5 23. Rcd1 Rxd4 24. Rxd4 Rd8 25. Bd1 Rxd4 26. Qxd4 Qc7 27.
f3 Qd7 28. Qxd7 Nxd7 29. Kf2 Kf8 30. Ke3 Ke7 31. Kd4 Kd6 32. Bc2 h6 1/2-1/2

[Event "Elit(Astorp-Skara)"]
[Site "?"]
[Date "2007.03.03"]
[Round "8"]
[White "Bengtsson, Jan"]
[Black "Holm, Joachim"]
[Result "1/2-1/2"]
[WhiteElo "2064"]
[BlackElo "1938"]
[PlyCount "244"]
[EventDate "2007.??.??"]

1. Nf3 Nf6 2. d4 d6 3. Bf4 g6 4. Qd2 Bg4 5. Nc3 c6 6. h3 Bxf3 7. gxf3 Nbd7 8.
Bh6 Qb6 9. O-O-O O-O-O 10. h4 e5 11. Bxf8 Rhxf8 12. Bh3 Kb8 13. f4 exd4 14.
Qxd4 Qxd4 15. Rxd4 Nc5 16. f5 d5 17. Rf4 Rde8 18. e3 Nce4 19. Ne2 Nh5 20. Rf3
g5 21. f6 Re5 22. Rf5 Rxf5 23. Bxf5 Nhxf6 24. f3 Nd6 25. hxg5 Nxf5 26. gxf6
Nxe3 27. Rxh7 Kc7 28. Nf4 Kd6 29. Rh5 Nc4 30. Nd3 Nb6 31. Re5 Nd7 32. Re7 b6
33. f4 Nxf6 34. Rxa7 Nd7 35. b4 b5 36. a4 bxa4 37. Rxa4 f6 38. Ra7 Re8 39. Kd2
Rb8 40. Kc3 Re8 41. Ra6 Rb8 42. Kd4 Nf8 43. f5 Nd7 44. Kc3 Rb5 45. Ra1 d4+ 46.
Kxd4 Rxf5 47. c4 Rh5 48. c5+ Kc7 49. Ra7+ Kc8 50. Ke4 Rd5 51. Nf4 Nxc5+ 52.
bxc5 Rxc5 53. Kd4 Re5 54. Rf7 c5+ 55. Kd3 Rf5 56. Ke4 Re5+ 57. Kf3 Rf5 58. Ke4
Re5+ 59. Kd3 Rf5 60. Ne6 Re5 61. Re7 c4+ 62. Kxc4 Kb8 63. Re8+ Ka7 64. Kb4 f5
65. Kc4 f4 66. Kd4 Re1 67. Kd5 Rd1+ 68. Nd4 Kb6 69. Rf8 f3 70. Rf7 f2 71. Rxf2
Kc7 72. Rf6 Kb7 73. Rf7+ Kb6 74. Rf2 Kc7 75. Kc5 Rc1+ 76. Nc2 Kd7 77. Re2 Rd1
78. Rh2 Rc1 79. Kd5 Ke7 80. Rf2 Rh1 81. Rf5 Rh8 82. Ne3 Rb8 83. Ke5 Rb1 84.
Nd5+ Ke8 85. Kd6 Rd1 86. Rf3 Rd2 87. Rf1 Rd4 88. Ke5 Rd2 89. Nc3 Rh2 90. Ne4
Kd7 91. Rf6 Rh5+ 92. Kd4 Ke7 93. Ra6 Rh4 94. Ke3 Kd7 95. Rg6 Ke7 96. Kd4 Kf7
97. Rf6+ Ke7 98. Rf1 Kd7 99. Rf5 Ke6 100. Re5+ Kf7 101. Kd5 Rh1 102. Nd6+ Kf6
103. Rf5+ Kg7 104. Rg5+ Kf6 105. Ne4+ Kf7 106. Rf5+ Kg6 107. Rf6+ Kg7 108. Rf5
Kg6 109. Ke6 Re1 110. Rg5+ Kh6 111. Rg4 Kh5 112. Rf4 Kg6 113. Ke5 Kg7 114. Rf2
Ra1 115. Rg2+ Kf7 116. Nd6+ Ke7 117. Rg7+ Kd8 118. Ne4 Ra5+ 119. Ke6 Rh5 120.
Rd7+ Kc8 121. Nd6+ Kb8 122. Rb7+ Ka8 1/2-1/2

[Event "Elit(Rockaden,Sthlm-Sollentuna)"]
[Site "?"]
[Date "2007.03.03"]
[Round "8"]
[White "Agrest, Evgenij"]
[Black "Karlsson, Lars"]
[Result "0-1"]
[WhiteElo "2671"]
[BlackElo "2531"]
[PlyCount "78"]
[EventDate "2007.??.??"]
[SourceDate "2007.03.13"]

1. Nf3 e6 2. c4 f5 3. g3 Nf6 4. Bg2 Be7 5. O-O O-O 6. b3 d6 7. Bb2 e5 8. d3 c5
9. Nc3 Nc6 10. e3 Qe8 11. a3 Qh5 12. Nd2 Qh6 13. Nd5 Nxd5 14. cxd5 Nd8 15. f4
Nf7 16. Qe2 Bf6 17. Nc4 Bd7 18. Rae1 Rae8 19. Qc2 g5 20. Qc3 b5 21. fxe5 bxc4
22. exf6 cxd3 23. e4 Ne5 24. exf5 Qxf6 25. Re4 h6 26. g4 Rf7 27. Qd2 h5 28. h3
hxg4 29. Rxg4 Rg7 30. Rg3 Rf8 31. Be4 g4 32. hxg4 Qh4 33. Qg2 d2 34. g5 Bxf5
35. Bxf5 Rxf5 36. Rd1 Nf3+ 37. Rxf3 Qe1+ 38. Rf1 Rxf1+ 39. Qxf1 Qg3+ 0-1

[Event "Elit(Rockaden,Sthlm-Sollentuna)"]
[Site "?"]
[Date "2007.03.03"]
[Round "8"]
[White "Andersson, Ulf"]
[Black "Ivanov, Sergej"]
[Result "1/2-1/2"]
[WhiteElo "2591"]
[BlackElo "2588"]
[PlyCount "25"]
[EventDate "2007.??.??"]

1. Nf3 Nf6 2. c4 e6 3. d4 b6 4. g3 Ba6 5. b3 d5 6. cxd5 exd5 7. Bg2 Bb4+ 8. Bd2
Bd6 9. O-O O-O 10. Nc3 Re8 11. Re1 Nbd7 12. Nh4 Bb7 13. Rc1 1/2-1/2

[Event "Elit(Rockaden,Sthlm-Sollentuna)"]
[Site "?"]
[Date "2007.03.03"]
[Round "8"]
[White "Berg, Emanuel"]
[Black "Engqvist, Thomas"]
[Result "1-0"]
[WhiteElo "2649"]
[BlackElo "2429"]
[PlyCount "115"]
[EventDate "2007.??.??"]

1. e4 c6 2. Nf3 d5 3. exd5 cxd5 4. Ne5 Nc6 5. d4 g6 6. Bb5 Bd7 7. Nxd7 Qxd7 8.
c3 Bg7 9. O-O Nh6 10. Nd2 O-O 11. Nb3 a6 12. Nc5 Qc8 13. Be2 Nf5 14. Bf4 Nd8
15. Nd3 Ne6 16. Bg4 Nxf4 17. Nxf4 e6 18. Bxf5 gxf5 19. Qh5 Qd8 20. Rae1 Qf6 21.
Nd3 h6 22. f4 Kh7 23. g4 Qg6 24. Qxg6+ Kxg6 25. Ne5+ Bxe5 26. gxf5+ Kxf5 27.
Rxe5+ Kf6 28. f5 Rg8+ 29. Kh1 Ke7 30. Rfe1 Rad8 31. fxe6 f6 32. Rh5 Rg6 33. Rg1
Rdg8 34. Rxg6 Rxg6 35. Rxd5 Kxe6 36. Rh5 f5 37. Rh4 b5 38. Rf4 a5 39. Rf3 Rg4
40. Re3+ Kf6 41. d5 f4 42. Re4 Kf5 43. Rd4 Rg7 44. d6 f3 45. Rd1 Ke6 46. d7
Rxd7 47. Rxd7 Kxd7 48. Kg1 Ke6 49. Kf2 Kd5 50. Kxf3 Kc4 51. Ke3 a4 52. Kd2 h5
53. h4 Kd5 54. Kd3 Kc5 55. b3 axb3 56. axb3 Kd5 57. b4 Kc6 58. Ke4 1-0

[Event "Elit(Rockaden,Sthlm-Sollentuna)"]
[Site "?"]
[Date "2007.03.03"]
[Round "8"]
[White "Livner, Anders"]
[Black "Lindberg, Bo"]
[Result "1-0"]
[WhiteElo "2514"]
[BlackElo "2380"]
[PlyCount "143"]
[EventDate "2007.??.??"]

1. d4 Nf6 2. c4 e6 3. Nf3 b6 4. g3 Ba6 5. Nbd2 d5 6. Bg2 c6 7. O-O Nbd7 8. b3
Be7 9. Re1 b5 10. Qc2 O-O 11. e4 dxc4 12. bxc4 bxc4 13. Nxc4 c5 14. Nfe5 Nxe5
15. Nxe5 cxd4 16. Nc6 Rc8 17. Qa4 Rxc6 18. Qxc6 Bb4 19. Qxa6 Bxe1 20. Ba3 Bc3
21. Rd1 Qc8 22. Qxa7 Rd8 23. e5 Rd7 24. Qa4 Nd5 25. Bd6 Rb7 26. Bc5 Qb8 27.
Bxd4 Rb4 28. Qa7 Qxa7 29. Bxa7 Ra4 30. Bb8 Ra8 31. Bd6 Rxa2 32. Bxd5 exd5 33.
Rxd5 Ra8 34. Rd3 Bb2 35. Rb3 Bd4 36. Kg2 h5 37. Rb8+ Rxb8 38. Bxb8 g6 39. f4
Kf8 40. Kf3 Ke7 41. Ke4 Bg1 42. h3 Bf2 43. g4 hxg4 44. hxg4 Ke6 45. f5+ gxf5+
46. gxf5+ Kd7 47. Kd5 Be3 48. Bd6 Bd2 49. Bc5 Bc1 50. Bf2 Bd2 51. Bh4 Bc1 52.
Bf6 Bd2 53. Bh4 Bc1 54. Ke4 Bd2 55. Kf3 Kc6 56. Ke4 Kd7 57. Bg3 Bc1 58. Bf4 Bb2
59. Bg3 Bc1 60. Kf3 Kc6 61. e6 fxe6 62. fxe6 Bg5 63. Ke4 Be7 64. Be5 Bb4 65.
Kf5 Kd5 66. Kf6 Bc5 67. Bc3 Bd6 68. Kf7 Bc5 69. Bf6 Bb4 70. Be7 Bd2 71. Ba3 Bg5
72. Bb2 1-0

[Event "Elit(Rockaden,Sthlm-Sollentuna)"]
[Site "?"]
[Date "2007.03.03"]
[Round "8"]
[White "Vilchez, Victor"]
[Black "Ong, Kezli"]
[Result "1/2-1/2"]
[WhiteElo "2366"]
[BlackElo "2381"]
[PlyCount "122"]
[EventDate "2007.??.??"]

1. e4 e5 2. Nf3 Nc6 3. Bb5 a6 4. Ba4 Nf6 5. Bxc6 dxc6 6. d3 Nd7 7. Nbd2 g6 8.
Nc4 Bg7 9. Bg5 f6 10. Bh4 O-O 11. O-O Nc5 12. Bg3 a5 13. a4 b6 14. Re1 Ba6 15.
Nfd2 Bh6 16. Qe2 Qd7 17. Rf1 Ne6 18. Nb3 Rad8 19. Rfd1 c5 20. Ne3 Bxe3 21. fxe3
c4 22. dxc4 Qc6 23. Nd2 Nc5 24. b3 Rd6 25. Qf3 Rfd8 26. Nf1 Qxe4 27. Qxe4 Nxe4
28. Rxd6 Rxd6 29. Be1 Bb7 30. h3 Kf7 31. Nh2 Ke6 32. Nf3 h5 33. Kf1 g5 34. Ke2
g4 35. hxg4 hxg4 36. Nh2 f5 37. Rd1 Rxd1 38. Kxd1 Ng5 39. Bh4 Nf7 40. g3 Bg2
41. Ke2 Nd6 42. Bd8 Ne8 43. Nf1 Bxf1+ 44. Kxf1 Kd7 45. Bg5 Kd6 46. Ke2 Ng7 47.
Kd3 Ne6 48. Bh4 Nc5+ 49. Ke2 Ne4 50. Kd3 Kd7 51. Ke2 Ke8 52. Kf1 Kd7 53. Ke2
Ke6 54. Kf1 Nc5 55. Bd8 Kd7 56. Bf6 Ke6 57. Bd8 Kd6 58. Bh4 Ne4 59. Ke2 Ke6 60.
Kf1 Kd7 61. Ke2 Ke6 1/2-1/2

[Event "Elit(Rockaden,Sthlm-Sollentuna)"]
[Site "?"]
[Date "2007.03.03"]
[Round "8"]
[White "Ernst, Thomas"]
[Black "Zadruzny, Nicolaj"]
[Result "1/2-1/2"]
[WhiteElo "2524"]
[BlackElo "2295"]
[PlyCount "82"]
[EventDate "2007.??.??"]

1. d4 e6 2. e4 d5 3. Nd2 dxe4 4. Nxe4 Bd7 5. Nf3 Bc6 6. Bd3 Nd7 7. O-O Ngf6 8.
Ned2 Be7 9. Re1 O-O 10. Nc4 Bxf3 11. Qxf3 c6 12. Ne5 Nxe5 13. dxe5 Nd7 14. Bf4
Nc5 15. Bf1 Qb6 16. b3 Rfd8 17. Rad1 Rxd1 18. Rxd1 Rd8 19. Rxd8+ Qxd8 20. c3
Qd5 21. Qxd5 cxd5 22. Be3 a6 23. c4 dxc4 24. Bxc4 Nd7 25. f4 Bc5 26. Kf2 Kf8
27. Bxc5+ Nxc5 28. Ke3 Ke7 29. Kd4 Nd7 30. Bd3 h6 31. Be4 b6 32. b4 Nb8 33. a4
Kd7 34. b5 a5 35. g4 g6 36. f5 g5 37. f6 Kd8 38. Bh7 Nd7 39. Be4 Nc5 40. Bc2
Ke8 41. Ke3 Kf8 1/2-1/2

[Event "Elit(Rockaden,Sthlm-Sollentuna)"]
[Site "?"]
[Date "2007.03.03"]
[Round "8"]
[White "Lissang, Christopher"]
[Black "Couso, Luis"]
[Result "0-1"]
[WhiteElo "2236"]
[BlackElo "2343"]
[PlyCount "86"]
[EventDate "2007.??.??"]

1. e4 c5 2. Nf3 e6 3. d4 cxd4 4. Nxd4 a6 5. Bd3 Bc5 6. Nb3 Ba7 7. Qg4 Nf6 8.
Qg3 d6 9. Nc3 Nc6 10. Bg5 Ne5 11. O-O-O h6 12. Bd2 Nfg4 13. Rhf1 h5 14. h4
Nxd3+ 15. cxd3 e5 16. f4 Be6 17. Na1 Bd4 18. Kb1 exf4 19. Bxf4 Bxc3 20. bxc3
Qb6+ 21. Kc2 Bxa2 22. Rfe1 O-O 23. Bxd6 Rfc8 24. d4 Rc6 25. Bc5 Qb5 26. Rf1
Qe2+ 27. Kc1 Qxe4 28. Kb2 Qe2+ 29. Nc2 Bd5 30. Rde1 Qc4 31. Rf5 Qa2+ 32. Kc1
Bb3 33. Qd3 g6 34. Rf3 b6 35. Bb4 a5 36. Be7 Rac8 37. Kd2 Bc4 38. Qe4 Bd5 39.
Qd3 Bxf3 40. gxf3 Qb3 41. Na1 Qb2+ 42. Qc2 Qxc2+ 43. Nxc2 Rxc3 0-1

[Event "Elit(Linkoping-Vasteras)"]
[Site "?"]
[Date "2007.03.03"]
[Round "8"]
[White "Eriksson, Jonas"]
[Black "Rosberg, Simon"]
[Result "1/2-1/2"]
[WhiteElo "2352"]
[BlackElo "2345"]
[PlyCount "101"]
[EventDate "2007.??.??"]
[SourceDate "2007.03.13"]

1. Nf3 c5 2. g3 b6 3. Bg2 Bb7 4. O-O Nf6 5. b3 e6 6. Bb2 Be7 7. d3 O-O 8. e4
Qc7 9. Nbd2 Nc6 10. Re1 d6 11. Nf1 Nd7 12. Ne3 Nde5 13. Nd2 Bf6 14. Rb1 Rad8
15. f4 Nd7 16. c3 b5 17. Ng4 Be7 18. Nf3 Nb6 19. c4 bxc4 20. bxc4 Bc8 21. Ne3
d5 22. cxd5 exd5 23. exd5 Nb4 24. Ne5 N6xd5 25. Nxd5 Nxd5 26. a3 Bf6 27. Qb3
Nb6 28. Nc6 Rd6 29. Bxf6 Rxf6 30. Ne7+ Kh8 31. Nxc8 Rxc8 32. Qb5 g6 33. Qb2 Qd6
34. Bh3 Rf8 35. Re4 Kg7 36. Qc3 Rd8 37. Rd1 Nd5 38. Qe5 Qxe5 39. Rxe5 Rfd6 40.
Rc1 Nb6 41. Bf1 Nd7 42. Re4 Ra6 43. Rc3 Kf8 44. Rec4 Rd6 45. Ra4 a6 46. Rb3 Rb8
47. Rxb8+ Nxb8 48. Kf2 Ke7 49. Re4+ Re6 50. Rc4 Nd7 51. d4 1/2-1/2

[Event "Elit(Linkoping-Vasteras)"]
[Site "?"]
[Date "2007.03.03"]
[Round "8"]
[White "Malesevic, Nedeljko"]
[Black "Eriksson, Anders"]
[Result "1-0"]
[WhiteElo "2342"]
[BlackElo "2393"]
[PlyCount "93"]
[EventDate "2007.??.??"]

1. d4 Nf6 2. c4 e6 3. Nf3 Bb4+ 4. Bd2 Qe7 5. Nc3 Bxc3 6. Bxc3 Ne4 7. Qc2 Nxc3
8. Qxc3 O-O 9. g3 b6 10. Bg2 Bb7 11. O-O d6 12. Rad1 Nd7 13. Rfe1 Nf6 14. Nd2
Bxg2 15. Kxg2 d5 16. e4 dxe4 17. Nxe4 Rfd8 18. Qf3 Nxe4 19. Rxe4 Qf8 20. Rf4
Rd7 21. d5 e5 22. Re4 Qd6 23. Qc3 f6 24. b4 c5 25. b5 a6 26. a4 axb5 27. axb5
Rda7 28. Qf3 g6 29. Rde1 Ra3 30. R1e3 Ra2 31. g4 Re8 32. Qg3 Ra7 33. g5 fxg5
34. Qxg5 Rf8 35. Qxe5 Qd8 36. Rf4 Rxf4 37. Qxf4 Rf7 38. Qg3 Qf6 39. Rf3 Qd4 40.
Qb8+ Kg7 41. Rxf7+ Kxf7 42. Qc7+ Kg8 43. Qd8+ Kg7 44. Qe7+ Kh6 45. Qe3+ Qxe3
46. fxe3 Kg5 47. e4 1-0

[Event "Elit(Linkoping-Vasteras)"]
[Site "?"]
[Date "2007.03.03"]
[Round "8"]
[White "Norberg, Johan"]
[Black "Klashed, Martin"]
[Result "1/2-1/2"]
[WhiteElo "2349"]
[BlackElo "2160"]
[PlyCount "110"]
[EventDate "2007.??.??"]

1. e4 c5 2. Nf3 e6 3. d4 cxd4 4. Nxd4 Nc6 5. Nc3 Qc7 6. Be2 a6 7. O-O Nf6 8.
Kh1 Bb4 9. f3 Nxd4 10. Qxd4 Bc5 11. Qd3 b5 12. f4 Bb7 13. Bf3 O-O 14. e5 Ne8
15. Ne4 Be7 16. Bd2 Rc8 17. Rac1 f6 18. Nd6 Bxd6 19. exd6 Qb8 20. f5 Bxf3 21.
Rxf3 Qxd6 22. Qxd6 Nxd6 23. Bb4 Nxf5 24. Bxf8 Kxf8 25. c3 d5 26. Rf4 g5 27. Rb4
Nd6 28. a4 Ke7 29. axb5 axb5 30. Ra1 Rc7 31. Kg1 e5 32. Kf2 Ke6 33. Ra6 Kd7 34.
g4 Rb7 35. Ke2 Ke7 36. Kd3 f5 37. gxf5 Nxf5 38. Rg4 h6 39. Rg1 b4 40. Re1 e4+
41. Kc2 Nd6 42. Rd1 bxc3 43. bxc3 Ke6 44. Rc6 Rd7 45. Kd2 Ke5 46. Ke2 Nf5 47.
Rc5 Ke6 48. Ra1 Rd6 49. Raa5 h5 50. c4 Nd4+ 51. Ke3 Nb3 52. Rxd5 Nxa5 53. Rxa5
Kf6 54. Kxe4 Rd2 55. h4 gxh4 1/2-1/2

[Event "Elit(Linkoping-Vasteras)"]
[Site "?"]
[Date "2007.03.03"]
[Round "8"]
[White "Olsson, Conny"]
[Black "Nilsson, Andre"]
[Result "0-1"]
[WhiteElo "2251"]
[BlackElo "2309"]
[PlyCount "90"]
[EventDate "2007.??.??"]

1. b4 e5 2. a3 g6 3. Bb2 Bg7 4. h4 h5 5. g3 d6 6. Bg2 Nf6 7. c4 O-O 8. d3 Nc6
9. Nd2 Qe7 10. e3 Ng4 11. Ne2 f5 12. Bd5+ Be6 13. Qb3 Nd8 14. c5 dxc5 15. bxc5
c6 16. Bc4 Re8 17. Rc1 Bxc4 18. Rxc4 Ne6 19. d4 Rad8 20. Rb4 Rd7 21. Nf3 Kh8
22. Ng5 Nxg5 23. hxg5 exd4 24. Bxd4 Bxd4 25. Rxd4 Rxd4 26. Nxd4 Qxg5 27. Qf7
Re7 28. Qf8+ Kh7 29. Nxf5 gxf5 30. Rxh5+ Qxh5 31. Qxe7+ Kg8 32. Qxb7 Qh1+ 33.
Ke2 Qd5 34. Qb8+ Kh7 35. Qc7+ Kg6 36. Qd6+ Qxd6 37. cxd6 Kf7 38. Kf3 Ke6 39. e4
Ne5+ 40. Kf4 Nd3+ 41. Ke3 fxe4 42. f3 Nc5 43. fxe4 Kxd6 44. Kd4 Ne6+ 45. Kc4
Ke5 0-1

[Event "Elit(Linkoping-Vasteras)"]
[Site "?"]
[Date "2007.03.03"]
[Round "8"]
[White "Norberg, Erik"]
[Black "Fransson, Jorgen"]
[Result "1-0"]
[WhiteElo "2262"]
[BlackElo "2126"]
[PlyCount "79"]
[EventDate "2007.??.??"]

1. g3 d5 2. Bg2 e6 3. Nf3 f5 4. c4 Nf6 5. O-O c6 6. b3 a5 7. Bb2 Bd6 8. Nc3 O-O
9. d3 Bc7 10. e3 Na6 11. Qe2 Rb8 12. Rfd1 b5 13. Rac1 Bd7 14. cxb5 cxb5 15. a4
b4 16. Nb1 Bd6 17. Be5 Qb6 18. d4 Rb7 19. Bxd6 Qxd6 20. Ne5 Nb8 21. Rc5 Ra7 22.
Rdc1 Be8 23. Nd3 Na6 24. R5c2 Rff7 25. Nd2 Rfc7 26. Nc5 Nxc5 27. dxc5 Qd7 28.
Nf3 Bh5 29. Qb5 Bxf3 30. Bxf3 Rc6 31. Qb8+ Kf7 32. Be2 Qc7 33. Qxc7+ Rcxc7 34.
f3 Ra8 35. Kf2 Rac8 36. Bb5 Ke7 37. Ke2 Nd7 38. Bxd7 Kxd7 39. Kd3 e5 40. f4 1-0

[Event "Elit(Linkoping-Vasteras)"]
[Site "?"]
[Date "2007.03.03"]
[Round "8"]
[White "Wickstrom, Lucas"]
[Black "Janse, Love"]
[Result "1-0"]
[WhiteElo "2159"]
[BlackElo "2187"]
[PlyCount "43"]
[EventDate "2007.??.??"]

1. d4 f5 2. Nc3 d5 3. Bg5 c6 4. e3 Nd7 5. Bd3 Ndf6 6. Nf3 Ne4 7. Ne5 Nxg5 8.
Qh5+ g6 9. Qxg5 Bg7 10. h4 Qd6 11. f4 Be6 12. h5 Bf6 13. Qg3 Bf7 14. O-O-O e6
15. hxg6 hxg6 16. Nxg6 Bxg6 17. Qxg6+ Kd7 18. g4 fxg4 19. Rxh8 Bxh8 20. Rh1 Nf6
21. Rxh8 Rxh8 22. Qg7+ 1-0

[Event "Elit(LASK-Limhamn)"]
[Site "?"]
[Date "2007.03.03"]
[Round "8"]
[White "Hellers, Ferdinand"]
[Black "Hall, Jesper"]
[Result "1/2-1/2"]
[WhiteElo "2640"]
[BlackElo "2530"]
[PlyCount "34"]
[EventDate "2007.??.??"]
[SourceDate "2007.03.13"]

1. e4 e6 2. d4 d5 3. Nc3 Nc6 4. Nf3 Nf6 5. exd5 exd5 6. Bb5 Bb4 7. O-O O-O 8.
Bxc6 bxc6 9. Ne5 Qe8 10. Re1 Be6 11. Bg5 Bxc3 12. bxc3 Ne4 13. Bd2 f6 14. Nd3
Qf7 15. f3 Nd6 16. Nb4 a5 17. Nd3 Rfe8 1/2-1/2

[Event "Elit(LASK-Limhamn)"]
[Site "?"]
[Date "2007.03.03"]
[Round "8"]
[White "Olsson, Linus"]
[Black "Brynell, Stellan"]
[Result "0-1"]
[WhiteElo "2484"]
[BlackElo "2619"]
[PlyCount "118"]
[EventDate "2007.??.??"]

1. Nf3 Nf6 2. c4 b6 3. g3 Bb7 4. Bg2 e6 5. O-O Be7 6. Nc3 O-O 7. d4 Ne4 8. Bd2
Bf6 9. Rc1 Nxd2 10. Qxd2 d6 11. e4 Nd7 12. Rfd1 g6 13. Qe3 Bg7 14. a3 Qe7 15.
h3 Rfd8 16. Kh2 c5 17. d5 exd5 18. cxd5 Re8 19. Re1 Rac8 20. Rcd1 a6 21. a4 Rb8
22. Bf1 h5 23. Bc4 Qf8 24. Qd3 Ra8 25. b3 Bc8 26. Ne2 Ra7 27. Nf4 Ne5 28. Nxe5
Bxe5 29. Ng2 Qg7 30. f4 Bd4 31. Nh4 Rae7 32. Nf3 Bf6 33. Qc2 Bb7 34. Bd3 h4 35.
Rg1 Qh6 36. Qd2 Rxe4 37. Bxe4 Rxe4 38. f5 Qxd2+ 39. Rxd2 Re3 40. Nxh4 g5 41.
Ng2 Rxb3 42. Re1 Bd4 43. Re8+ Kg7 44. h4 gxh4 45. Nxh4 Bxd5 46. Rd8 Be4 47. Ng2
Be5 48. Nf4 Kf6 49. Rf2 c4 50. Nh5+ Kg5 51. Nf4 Kf6 52. Nh5+ Ke7 53. Rc8 c3 54.
Rc4 d5 55. f6+ Kd7 56. Rxe4 dxe4 57. Kh3 Rb2 58. Rf1 c2 59. Rc1 Bc3 0-1